| 000 | 01078cam a2200313 a 4500 | ||
|---|---|---|---|
| 001 | 1442 | ||
| 005 | 20230908151523.0 | ||
| 020 | _a9780590706360 | ||
| 040 |
_aDLC _cDLC _dDLC _beng |
||
| 050 | 0 | 0 |
_aPZ7.O81167 _bGh 1997 |
| 082 | 0 | 0 |
_aFic _221 |
| 100 | 1 | _aOsborne, Mary Pope. | |
| 245 | 1 | 0 |
_aGhost town at sundown / _cby Mary Pope Osborne ; illustrated by Sal Murdocca. |
| 260 |
_aNew York : _bScholastic, _c1997 |
||
| 300 |
_a73 pages : _billustrations ; _c20 cm |
||
| 490 |
_aMagic Tree House _vBook 10 |
||
| 500 | _a"A stepping stone book." | ||
| 505 | _aK | ||
| 520 | _aTheir magic tree house takes Jack and Annie back to the Wild West, where they experience excitement and danger and try to solve a riddle. | ||
| 521 | 0 |
_a510
_bLexile |
|
| 521 | 1 |
_aK
_bRaz-Plus |
|
| 650 | 1 |
_aFrontier and pioneer life _zWest (U.S.) _xFiction. |
|
| 650 | 1 |
_aTime travel _xFiction. |
|
| 650 | 1 |
_aMagic _xFiction. |
|
| 650 | 1 |
_aTree houses _xFiction. |
|
| 700 | 1 |
_aMurdocca, Sal _eillustrator |
|
| 906 |
_a7 _bcbc _corignew _d1 _eocip _f19 _gy-gencatlg |
||
| 942 |
_2ddc _cBK _n0 |
||
| 999 |
_c1442 _d1442 |
||